000 00767nam a2200289Ia 4500
005 20260324145224.0
008 008 260324s9999 xx 000 0 eng d
020 _a9780429311468
037 _aEBOOK
040 _aCRL
040 _beng
040 _cCRL
041 _2eng
041 _aeng
084 _qCRL
100 _aAnthony H. Cordesman
_9872361
245 4 _aThe Gulf And The Search For Strategic Stability
245 0 _bSaudi Arabia, The Military Balance In The Gulf, And Trends In The Arab-Israeli Military Balance
260 _bTaylor and Francis
260 _c1984
365 _a
365 _b255
856 _uhttp://www.taylorfrancis.com/books/9780429311468
942 _cEBOOK
999 _c1829801
_d1829801